| 000 | 00438nam a22001577a 4500 | ||
|---|---|---|---|
| 003 | macl | ||
| 005 | 20190623133557.0 | ||
| 008 | 190623b xxu||||| |||| 00| 0 eng d | ||
| 040 | _cmacl | ||
| 082 | _a800 | ||
| 100 |
_aरमेश, दिविक _956808 |
||
| 245 | _aसमझा परखा | ||
| 260 |
_aदिल्ली _bकिताबवाले _c2015 |
||
| 650 |
_aसमीक्षा _975511 |
||
| 942 |
_2ddc _cHIN |
||
| 999 |
_c60240 _d60240 |
||